| 000 | 00000nam##2200000za#4500 |
| 001 | 9.616403 |
| 003 | CaOODSP |
| 005 | 20211126112847 |
| 007 | ta |
| 008 | 150406|2003||||xxc||||| f|0| 0 eng|d |
| 022 | |a1192-5434 |
| 040 | |aCaOODSP|beng |
| 043 | |an-cn--- |
| 086 | 1 |aFB3-2/103-12E |
| 110 | 2 |aBank of Canada. |
| 245 | 14|aThe macroeconomic effects of military buildups in a new neoclassical synthesis framework / |cby Alain Paquet, Louis Phaneuf, and Nooman Rebei. |
| 260 | |bBank of Canada |c2003. |
| 300 | |av, 35p. : |bgraphs, references ; |c28 cm. |
| 490 | 1 |aWorking paper|x1192-5434|v2003-12 |
| 520 | 3 |aThis working paper is part of a series that examines a range of economic and financial issues of interest to bankers, economists and policymakers. |
| 546 | |a(Résumés en français.) |
| 563 | |aSoftcover |
| 590 | |a03-22|b2003-05-30 |
| 720 | 1 |aPaquet, Alain |
| 720 | 1 |aRebei, Nooman |
| 720 | 1 |aPhaneuf, Louis |
| 776 | 0#|tThe macroeconomic effects of military buildups in a new neoclassical synthesis framework / |w(CaOODSP)9.580563 |
| 830 | #0|aWorking paper,|x1192-5434|v2003-12|w(CaOODSP)9.514622 |